| 000 | 01539nam a2200349 a 4500 | ||
|---|---|---|---|
| 003 | BLK | ||
| 005 | 20250710141619.0 | ||
| 008 | 190812b bu |||||r|||| 00| 0 bu d | ||
| 020 | _a9786190103004 | ||
| 040 | _aBLK | ||
| 041 |
_aBUL _cBUL |
||
| 080 |
_aПсихоанализа _b159.964.2 _z159.964.2 |
||
| 080 |
_aНародна медицина. Лечение с домашни средства _b615.89 _z616.89 |
||
| 100 |
_aГинот, Ефрат _eпърви автор _91299 |
||
| 139 |
_aГинот, Ефрат _bГ 49 |
||
| 245 |
_aНевропсихология на несъзнаваното _bинтегриране на мозъка и психиката в психотерапията _cЕфрат Гинот ; предг. от Алан Н. Скор ; прев. от англ. Людмила Андреева |
||
| 260 |
_9210881 _aСофия _bИзток-Запад _c2018 |
||
| 300 |
_a400 с. _c 22 см |
||
| 380 | _a1 | ||
| 500 | _aПрев. от: The neuropsychology of the unconscious / Efrat Ginot | ||
| 650 | 7 |
_9168303 _aПсихоанализа |
|
| 650 | 7 |
_9168269 _aПсихиатрия |
|
| 700 |
_91236 _aСкор, Алан Н. _eпредг. от |
||
| 700 |
_9246962 _aАндреева, Людмила Маринова _eпрев. от англ. |
||
| 730 |
_aThe neuropsychology of the unconscious _9395771 |
||
| 852 | _aЦб 296340 | ||
| 942 |
_cKNG _n0 _s1 _019 |
||
| 944 |
_aCR _c2019-08-12 _k30576 _lЦветомила Тодорова |
||
| 999 |
_c333799 _d333799 |
||
| 999 | _d333799 | ||
| 999 | _d333799 | ||
| 999 | _d333799 | ||